00494nam a2200193 a 4500001001300000003000900013005001700022008004100039020001000080082001500090100001800105245004400123260003900167300000900206500003500215505001000250650002200260700001800282nice12345678IN_TiNIC20260116011853.0050524s1927 lona grp 000 0 eng  ac10000a269.2bALL aAllen, Roland aMissionary Methodsb St. Paul`s Or Ours aLondonbWorld Dominion Pressc1927 a236p aincludes index and biblioraphy2 aIndex aEvangelistic Work1 aAllen, Roland